Normal view
MARC view
Entry Topical Term
001 - CONTROL NUMBER
- control field: 22034
003 - CONTROL NUMBER IDENTIFIER
- control field: OSt
005 - DATE AND TIME OF LATEST TRANSACTION
- control field: 20211105134623.0
008 - FIXED-LENGTH DATA ELEMENTS
- fixed length control field: 211105|| aca||aabn | a|a d
040 ## - CATALOGING SOURCE
- Original cataloging agency: OSt
- Transcribing agency: OSt
150 ## - HEADING--TOPICAL TERM
- Topical term or geographic name entry element: Stellar interiors, Solar interior
670 ## - SOURCE DATA FOUND
- Source citation: Work cat.: (OSt): Symposium of the International Astronomical Union 181st France 1996 Sept. 30 - Oct. 3 22033, Sounding solar and stellar interiors, 1998